| 000 | 00525nam a2200133 4500 | ||
|---|---|---|---|
| 008 | 010815s1951 cc chiYA | ||
| 090 |
_aBS428.C5 _bF36c _b1951 |
||
| 100 | 1 | _aFenn, Courtenay H. | |
| 245 | 1 | 0 |
_aA concordance of the Old and New Testaments in the revised Kuoyii version {ch} / _ccompiled by Courtenay H. Fenn. |
| 260 |
_aShanghai : _bKwang Hsueh, _cc1951. |
||
| 300 | _a17, 918 p. | ||
| 610 | 2 | 4 |
_aBible _xConcordances, Chinese {ch}. |
| 951 |
_pC-485 _x00029779 _oBS428.C5/F36c/1951-2 _j070613110944578 _d2000-12-21 _cREF-CH |
||
| 999 |
_c2843 _d2843 |
||